000
00337nam a2200133Ia 4500
008
220216s9999 xx 000 0 und d
100
_a
Wildeboer A F W
245
0
_a
Ruberized roads in the continent
260
_b
Rubber Developments
_c
1957
300
_a
14-Dec
650
_a
Rubber asphalt
650
_a
Rubberized roads
942
_c
JS
999
_c
68358
_d
68358